000 00982cam a22002771 4500
001 000018464
005 20200929165818.0
008 761112s1941 sp 000 d spa d
040 _aDO-SdBNP
_bspa
082 _a862.3
_bC965i
100 1 _aCueva, Juan de la,
_939953
245 1 3 _aEl infamador ; los siete infantes de Lara y el ejemplar poético /
_cJuan de la Cueva ; edición, notas e introducción de Francisco A. de Icaza.
246 1 1 _aEl infamador
246 1 1 _aLos siete infantes de lara
246 1 1 _aEjemplar poético
260 _aMadrid :
_bEspasa-Calpe,
_c1941.
300 _aL, 169, [2] p. ;
_c19 cm.
490 1 _aClásicos castellanos
_v60
504 _aIncluye referencias bibliográficas y notas al pie de las páginas
650 4 _aTeatro español
_93071
650 4 _aLiteratura española
_9632
700 1 _aIcaza, Francisco A. de,
_eed.
_939954
830 0 _aClásicos castellanos ;
_v60
_94180
910 _aCatalogación original
049 _aBNGR
999 _c17984
_d17984